L' avènement d'Isabelle La Catholique
Saved in:
| Hovedforfatter: | |
|---|---|
| Format: | Bog |
| Sprog: | fransk |
| Udgivet: |
París, Francia
Albin Michel
1958
|
| Fag: | |
| Tags: |
Tilføj Tag
Ingen Tags, Vær først til at tagge denne postø!
|
MARC
| LEADER | 00000nam a2200000 a 4500 | ||
|---|---|---|---|
| 001 | UCZ1680 | ||
| 003 | CL-VaPUC | ||
| 005 | 20200421193109.0 | ||
| 008 | 950831e19580000FR |||||||||||||||||fre|d | ||
| 999 | |c 238393 |d 238391 | ||
| 040 | |c Pontificia Universidad Católica de Valparaíso | ||
| 082 | 0 | 4 | |a 946.03 FER 1958 |2 21 |
| 100 | 0 | |a Ferrara, Orestes |e author |9 345319 | |
| 245 | 1 | 3 | |a L' avènement d'Isabelle La Catholique |
| 260 | |a París, Francia |b Albin Michel |c 1958 | ||
| 300 | |a 473 páginas | ||
| 583 | |a last modification |c 20160810 05:05:17 |k Rodrigo Vera | ||
| 600 | 0 | 7 | |a ISABEL LA CATOLICA |2 CL-VaPUC |9 255280 |z ESPAÑA |
| 600 | 0 | 7 | |a FERNANDO DE ARAGON |2 CL-VaPUC |9 345320 |z ESPAÑA |
| 650 | 7 | |a HISTORIA DE ESPAÑA |2 CL-VaPUC |9 345321 |y SIGLO 15 | |
| 852 | |a BIBCUR | ||
| 942 | |c BK |2 ddc | ||
| 945 | |d 19950831 00:00:00 |a rbrito | ||
| 952 | |0 0 |1 0 |2 ddc |4 0 |6 946_030000000000000_FER_1958 |7 0 |8 A |9 248561 |a BIBHIS |b BIBHIS |d 2019-11-18 |i 3129659 |o 946.03 FER 1958 |p 3129659 |r 2025-01-20 |t 1 |w 2019-11-18 |y BK |k HIS | ||